000
00197 a2200097 4500
020
_a
9780345363008
041
_a
eng
100
_a
Terry Brooks
245
_a
the Talismans of Shannara
942
_c
BK
999
_c
30063
_d
30061